000 00365nam a22001577a 4500
003 MPLRDC
005 20220104123545.0
008 210129b ||||| |||| 00| 0 eng d
082 _a411.3 GMF
100 _a郭曼丰译
245 _a海带的功效
_c
260 _a
_b建宏出版社
_c
300 _b
650 _a营养与食品
942 _cBK
_o411.3 GMF
999 _c12362
_d12352